Defectos de fabricación en los tejidos / (Record no. 72355)
[ view plain ]
| 000 -LEADER | |
|---|---|
| campo de control de longitud fija | 00851nam a2200229 i 4500 |
| 001 - NÚMERO DE CONTROL | |
| campo de control | 72355 |
| 003 - IDENTIFICADOR DE NÚMERO DE CONTROL | |
| campo de control | ES-MaACL |
| 005 - FECHA Y HORA DE LA ÚLTIMA TRANSACCIÓN | |
| campo de control | 20230906171420.0 |
| 007 - CAMPO FIJO DE DESCRIPCIÓN FÍSICA--INFORMACIÓN GENERAL | |
| campo de control de longitud fija | t| |
| 008 - DATOS DE LONGITUD FIJA--INFORMACIÓN GENERAL | |
| campo de control de longitud fija | 040831s1959 sp ||||1| spa d |
| 100 1# - ENTRADA PRINCIPAL--NOMBRE DE PERSONA | |
| Nombre de persona | Giovanna, A. della. |
| 9 (RLIN) | 57173 |
| 245 10 - MENCIÓN DEL TÍTULO | |
| Título | Defectos de fabricación en los tejidos / |
| Mención de responsabilidad, etc. | por A. della Giovanna y G. Poles ; traducción por Miguel A. Bassas ; con un apéndice sobre defectos en los tejidos de lana por Manuel Ruiz Andrés. |
| 260 ## - PUBLICACIÓN, DISTRIBUCIÓN, ETC. | |
| Lugar de publicación, distribución, etc. | Barcelona : |
| Nombre del editor, distribuidor, etc. | José Montesó, |
| Fecha de publicación, distribución, etc. | 1959 ( |
| Fabricante | Clarasó) |
| 300 ## - DESCRIPCIÓN FÍSICA | |
| Extensión | VIII, 429 p. : |
| Otras características físicas | il. ; |
| Dimensiones | 22 cm. |
| 490 1# - MENCIÓN DE SERIE | |
| Mención de serie | Biblioteca de técnica textil |
| 700 1# - ENTRADA AGREGADA--NOMBRE PERSONAL | |
| Nombre de persona | Poles, G. |
| 9 (RLIN) | 92810 |
| 700 1# - ENTRADA AGREGADA--NOMBRE PERSONAL | |
| Nombre de persona | Bassas, Miguel A. |
| 9 (RLIN) | 26304 |
| 700 1# - ENTRADA AGREGADA--NOMBRE PERSONAL | |
| Nombre de persona | Ruiz Andrés, Manuel. |
| 9 (RLIN) | 100654 |
| 830 0# - PUNTO DE ACCESO ADICIONAL DE SERIE-TÍTULO UNIFORME | |
| Título uniforme | Biblioteca de técnica textil |
| 9 (RLIN) | 189915 |
| 852 ## - LOCALIZACIÓN | |
| Ubicación | ES-MaACL |
| Número de control de estantería | C-17571 |
| Sublocalización o colección | R.40758 |
| Estatus retirado | Estado de pérdida | Estado de daño | No para préstamo | Biblioteca de origen | Biblioteca actual | Ubicación en estantería | Fecha de adquisición | Fuente de adquisición | Total de préstamos | Signatura topográfica completa | Código de barras | Visto por última vez | Precio de reemplazo | Tipo de ítem Koha |
|---|---|---|---|---|---|---|---|---|---|---|---|---|---|---|
| Biblioteca del Ateneo de Madrid | Biblioteca del Ateneo de Madrid | Galería | 17/01/2008 | C-17571 | 1075750 | 23/02/2023 | 23/02/2023 | Libro impreso |
